Preklad a tlmočenie. 10, nové výzvy, prístupy, priority a perspektívy /
Uloženo v:
| Další autoři: | |
|---|---|
| Médium: | Kniha |
| Jazyk: | slovenština angličtina polština italština čeština ruština |
| Vydáno: |
Banská Bystrica :
Univerzita Mateja Bela v Banskej Bystrici,
2012
|
| Vydání: | 1. vyd. |
| Témata: | |
| ISBN: | 9788055704449 |
| On-line přístup: |
|
| Tagy: |
Přidat tag
Žádné tagy, Buďte první, kdo vytvoří štítek k tomuto záznamu!
|
MARC
| LEADER | 00000nam a2200000 4500 | ||
|---|---|---|---|
| 003 | SK-BrCVT | ||
| 005 | 20220621175201.0 | ||
| 006 | a e 000 0 | ||
| 008 | 130523s2012 xo e 000 0slo#d | ||
| 020 | |a 9788055704449 |q (viaz) | ||
| 035 | |a CVTIDW0040528 | ||
| 040 | |a SNK |b slo |c SVKBB |e AACR2 |d CVTI SR | ||
| 041 | 0 | |a slo |a eng |a pol |a ita |a cze |a rus |b eng |b ger | |
| 044 | |a xo |c SK | ||
| 080 | |a 81'25 |2 2008 | ||
| 245 | 0 | 0 | |a Preklad a tlmočenie. |n 10, |p nové výzvy, prístupy, priority a perspektívy / |c [zostavovateľ:] Vladimír Biloveský |
| 246 | 1 | 0 | |a Nové výzvy, prístupy, priority a perspektívy |
| 250 | |a 1. vyd. | ||
| 260 | |a Banská Bystrica : |b Univerzita Mateja Bela v Banskej Bystrici, |c 2012 | ||
| 300 | |a 399 s. : |b lit., tab. ; |c 21 cm | ||
| 500 | |a Eruditio mores futurum | ||
| 653 | 1 | |a prekladateľstvo | |
| 653 | 1 | |a translatológia | |
| 653 | 1 | |a umelecký preklad | |
| 653 | 1 | |a odborný preklad | |
| 653 | 1 | |a tlmočníctvo | |
| 653 | 1 | |a lingvistika | |
| 655 | 7 | |a odborné publikácie |2 SNKPH | |
| 655 | 7 | |a zborníky |2 SNKPH | |
| 700 | 1 | |a Biloveský, Vladimír |4 edt |d 1968- | |
| 852 | |a CVTISR |b 1 | ||
| 910 | |b A618651 | ||
| 919 | |a 978-80-557-0444-9 | ||
| 959 | |a 02 | ||
| 974 | |a katarina.repata |f Knihy | ||
| 992 | |a AMG | ||
| 999 | |c 231274 |d 231274 | ||

